HARRISON'S PRINCIPLES OF INTERNAL MEDICINE 2 VOLUME SET (Record no. 30718)

MARC details
000 -LEADER
fixed length control field 00394nam a22001577a 4500
003 - CONTROL NUMBER IDENTIFIER
control field SGT
020 ## - INTERNATIONAL STANDARD BOOK NUMBER
International Standard Book Number 9781264285822
082 ## - DEWEY DECIMAL CLASSIFICATION NUMBER
Classification number 616.024
Item number H22L
100 ## - MAIN ENTRY--PERSONAL NAME
Personal name LOSCALOZO, JOSEPH
245 ## - TITLE STATEMENT
Title HARRISON'S PRINCIPLES OF INTERNAL MEDICINE 2 VOLUME SET
250 ## - EDITION STATEMENT
Edition statement 21TH
260 ## - PUBLICATION, DISTRIBUTION, ETC. (IMPRINT)
Place of publication, distribution, etc NEW YORK
Name of publisher, distributor, etc MC GRAW HILL PUB
Year of Publication 2022
300 ## - PAGE DESCRIPTION
No. of Pages 1796, 3855
650 ## - SUBJECT ADDED ENTRY--TOPICAL TERM
Topical term or geographic name as entry element GENERAL MEDICINE
942 ## - ADDED ENTRY ELEMENTS (KOHA)
Source of classification or shelving scheme Dewey Decimal Classification
Koha item type Books
Holdings
Withdrawn status Lost status Source of classification or shelving scheme Damaged status Not for loan Collection code Home library Current library Shelving location Date acquired Vendor Name Cost, normal purchase price Volume Information (Serial or Books or Non-Book Material) SGTU Bill Number Total Checkouts Full call number Accession No. (Barcode) Date last seen Bill Date Koha item type Total Renewals Date last borrowed
    Dewey Decimal Classification   Not For Loan MEDICAL SGT Medical Library SGT Medical Library Reference Book 11/02/2025 ABC DELHI 15090.00 VOL-1 SGTU 20461   616.024 H22L FM14951 07/04/2025 11/02/2025 Books    
    Dewey Decimal Classification     MEDICAL SGT Medical Library SGT Medical Library Reference Book 11/02/2025 ABC DELHI   VOL-2 SGTU 20461 3 616.024 H22L FM14952 22/01/2026 11/02/2025 Books 1 18/10/2025